• 首页
  • 本馆介绍
  • 公告通知
  • 最新文献
  • 馆藏检索
  • 电子资源
  • 读者导购
  • 参考咨询
  • 我的图书馆
  • 登录
  • 详细信息显示
  • 放入我的书架
  • 预约/预借图书
  • 作者相关作品
  • 分类相关作品
  • 丛书相关作品
  • 出版社相关作品

书目信息

  • 表格格式
  • 工作单格式
  • 卡片格式
题名:
第四级病毒
    
 
作者: 约瑟夫·麦克科密克·苏珊·费希尔霍克
分册:  
出版信息:   长春出版社  1997 11
页数: 465页
开本: 大32开
丛书名:
单 册:
中图分类: C913.8
科图分类:
主题词: 社会生活 , 社会问题
电子资源:
ISBN: 957-8420-01-3
000 00631nam0 2200205 45
001 0308271083
005 20030827105625.3
010    @a957-8420-01-3@dRMB24.90
100    @a20030827d1997 km y0chiy0120 ea
101    @achi
105    @a z 000yy
200 1  @a第四级病毒@Adi si ji bing du@f(美)约瑟夫.麦克科密克.苏珊.费希尔霍克@F(mei)yue se fu.mai ke ke mi ke.su shan.fei xi er huo ke
210    @c长春出版社@d1997 11
215    @a465页@c无图表@d大32开
606 0  @a社会生活
606 0  @a社会问题
690    @aC913.8@v3
701  0 @a约瑟夫·麦克科密克·苏珊·费希尔霍克
801    @aCN@b@c20030827
905    @aBZT@dC913.8@e175
    
    第四级病毒/(美)约瑟夫.麦克科密克.苏珊.费希尔霍克.-长春出版社,1997 11
    465页:无图表;大32开
    
    
    ISBN 957-8420-01-3:RMB24.90
    
●
相关链接 在五车中查询图书 在当当中查询图书 在豆瓣中查询图书


正题名:第四级病毒     索取号:C913.8/175         预约/预借

序号 登录号 条形码 馆藏地/架位号 状态 备注
1 79396   200074472   中心书库南/009架B面3层2列/ [索取号:C913.8/175] 在馆    
2 79397   200074463   中心书库南/009架B面3层2列/ [索取号:C913.8/175] 在馆    
3 79398   200074454   中心书库南/009架B面3层2列/ [索取号:C913.8/175] 在馆    
山东省滨州职业学院图书馆 欢迎您!
大连网信软件有限公司© 版权所有